| 000 | 01269nam\a2200301\a\4500 | ||
|---|---|---|---|
| 001 | 57740 | ||
| 005 | 20260407110254.0 | ||
| 008 | 260402s2008 njua b 001 0 eng | ||
| 020 | _a9780470997444 | ||
| 040 |
_aDLC _cDLC _dBD-DhIUB |
||
| 082 | 0 | 0 |
_a332.0151 _222 _bR3281f |
| 100 | 1 |
_aRees, Michael, _d1964- |
|
| 245 | 1 | 0 |
_aFinancial modelling in practice : _ba concise guide for intermediate and advanced level / _cMichael Rees. |
| 260 |
_aHoboken, NJ : _bWiley, _cc2008. |
||
| 300 |
_axvii, 270 p. : _bill. ; _c25 cm + _e1 CD-ROM (4 3/4 in.). |
||
| 490 | 0 | _aWiley finance series | |
| 504 | _aIncludes bibliographical references and index. | ||
| 526 |
_aSBE _bfin _lREF |
||
| 541 | _aTRIM | ||
| 630 | 0 | 0 | _aMicrosoft Excel (Computer file) |
| 650 | 0 |
_aFinance _xMathematical models. |
|
| 650 | 0 |
_aCorporations _xFinance _xMathematical models. |
|
| 650 | 0 |
_aOptions (Finance) _xMathematical models. |
|
| 856 | 4 | 1 |
_3Table of contents only _uhttp://www.loc.gov/catdir/toc/ecip0828/2008038607.html |
| 942 |
_2ddc _cBK |
||
| 999 |
_c57740 _d57914 |
||